000 00527nam a22001817a 4500
003 OSt
005 20140606095938.0
008 140108b xxu||||| |||| 00| 0 eng d
020 _a84-7209-336-0
040 _cBMC
082 _a200.230
100 1 _99327
_aSuárez Fernández, Luis
245 1 0 _aNación, patria, estado
_b: en una perspectiva histórica cristiana
_cLuis Suárez Fernández
260 _aMadrid
_bUnión editorial
_c1999
300 _a238 p.
_c18 cm
650 2 4 _910820
_aReligión y política
942 _2ddc
_cBK
999 _c5810
_d5810